000 00474nam a2200133 4500
999 _c13265
_d13265
008 190221b ||||| |||| 00| 0 eng d
082 _aDPer 050 T48 Apr-June 2016 v. 187, n. 12-24.
100 _937070
_aSanburn, Josh.
245 _aAfter a most violent year, an ailing city looks for signs of hope/
_cJosh Sanburn.
260 _aHong Kong:
_bTime Asia,
_cc2016.
300 _av187 n15, page 11:
_billustrations;
_c27cm.
650 _aExtinct cities.
_937071
942 _2ddc
_cPER